LDR 00799naa#a2200181#i#450# 001 EN\\bibl\120270 005 20260416185907.4 011 ## _a1819-4036 100 ## _a20210331b2021####ek#y0engy0150####ca 102 ## _aRU 200 1# _aUSE OF FISH FEED COMPLEX AND PINE CONE HUSKS IN THE DIETS OF YOUNG LAYING HENS IN THE PRIMORSKY REGION _eJournal article 210 1# _aKrasnoyarsk _cKrasnoyarsk State Agrarian University _d2021 215 ## _a3 с. 608 ## _aJournal article _2local 675 ## _aОбщее животноводство. Разведение млекопитающих животных и птиц. Скотоводство. Домашние животные и их разведение. 636 _z 700 #1 _aTsoy _gZoya Vladimirovna 700 #1 _aVasil'eva _gNatal'ya Vasil'evna 856 4# _avestnik.kgau.ru _u